Dirigeants des pays de la Première Guerre mondiale - Statistiques

Statistiques générales
  • Ce quiz a été pris 286 fois
  • Le résultat moyen est 6 sur 10
Statistiques - réponses
Pays Fonction Durée Dirigeant % Correct
Russie Tsar 1894-1917 Nicolas II
89%
Allemagne Empereur 1888-1918 Guillaume II
84%
Etats-Unis Président 1913-1921 Woodrow Wilson
79%
France Président de la République 1913-1920 Raymond Poincaré
74%
France Président du Conseil 1917-1920 Georges Clémenceau
70%
Royaume-Uni Roi 1910-1936 George V
70%
Autriche-Hongrie Empereur 1848-1916 François-Joseph Ier
52%
Italie Roi 1900-1946 Victor-Emmanuel III
46%
Royaume-Uni Premier ministre 1916-1922 David Lloyd George
25%
Italie Président du Conseil 1917-1919 Vittorio Emanuele Orlando
14%
Aucun quiz correspondant
Distribution des résultats
% des personnes avec chaque résultat
Percentile par nombre de réponses
Votre historique - résultats
Vous n’avez pas pris ce quiz